00587nam a2200181 a 4500008004100000020001800041050001900059100002300078245010300101260004800204300001700252650002500269650002700294650001300321650003000334700002100364700002000385200724s2017 ||||||||||||||||| || u a9781107116818 aB 2799 .R4 Kan aFirestone, Chris L10aKant and the question of theologycEdited by Chris L. Firestone; Nathan A. Jacobs; James H. Joiner aCambridgebCambridge University Pressc2017 ax, 260 pages aRELIGION--PHILOSOPHY aPHILOSOPHICAL THEOLOGY aTHEOLOGY 0aKANT, IMMANUEL, 1724-1804 aJacobs, Nathan A aJoiner, James H